Statistics for Taylor Swift - Reputation (Tracklist)

Click here to take the quiz!

General Stats

  • This quiz has been taken 86 times
  • The average score is 14 of 15

Answer Stats

Answer% Correct
Look What You Made Me Do
100%
Delicate
97%
...Ready For It?
97%
Dress
94%
New Year's Day
94%
Don't Blame Me
92%
End Game
92%
Getaway Car
92%
I Did Something Bad
92%
King Of My Heart
92%
This Is Why We Can't Have Nice Things
92%
Call It What You Want
91%
Gorgeous
88%
Dancing With Our Hands Tied
86%
So It Goes...
85%

Score Distribution

Percentile by Number Answered

Percent of People with Each Score

Your Score History

You have not taken this quiz